000
00300nam a22001337a 4500
008
170912b xxu||||| |||| 00| 0 eng d
020
_a
9780072461831
041
_a
eng
080
_a
53
100
_a
43
101
_a
FIZ
245
_a
MEASUREMENT FOR EVALUTION
_c
JACKSON.A.S
942
_2
udc
_c
BK
999
_c
27358
_d
27358